[Event "Druga liga Srbije grupa Vojvodina 2012"]
[Site "Kac"]
[Date "2012.10.18"]
[Round "7.6"]
[White "Mijatovic, Dejan"]
[Black "Desnica, Vladan"]
[Result "1/2-1/2"]
[WhiteElo "2271"]
[BlackElo "2236"]
[PlyCount "73"]
[EventDate "2012.10.14"]

1. d4 Nf6 2. Nf3 e6 3. c4 d5 4. Nc3 Be7 5. Bg5 h6 6. Bh4 O-O 7. e3 b6 8. Be2
Bb7 9. Bxf6 Bxf6 10. cxd5 exd5 11. Qb3 c6 12. O-O Nd7 13. Rfe1 Re8 14. e4 Nf8
15. exd5 cxd5 16. Bb5 Rxe1+ 17. Rxe1 Ne6 18. Rd1 Qd6 19. Bf1 Bc6 20. g3 Rd8 21.
Bg2 Qb8 22. Rd2 b5 23. Nd1 Qb6 24. Ne3 Nxd4 25. Nxd4 Bxd4 26. Nxd5 Bxd5 27.
Bxd5 Rd7 28. Kg2 Qc5 29. Bf3 g6 30. Rc2 Qe5 31. Bc6 Rc7 32. Qd3 Kg7 33. b3 a6
34. a4 bxa4 35. bxa4 a5 36. Qf3 Qf6 37. Qxf6+ 1/2-1/2

[Event "Druga liga Srbije grupa Vojvodina 2012"]
[Site "Kac"]
[Date "2012.10.18"]
[Round "7.6"]
[White "Medar, Zeljko"]
[Black "Lalic, Dragan"]
[Result "1/2-1/2"]
[WhiteElo "2229"]
[BlackElo "2321"]
[PlyCount "59"]
[EventDate "2012.10.14"]

1. e4 d6 2. d4 Nf6 3. Nc3 g6 4. f3 c6 5. Be3 Nbd7 6. Qd2 b5 7. Nd1 Rb8 8. Nf2
Nb6 9. b3 Qc7 10. Bd3 e5 11. dxe5 dxe5 12. Ne2 Bg7 13. O-O O-O 14. Bc5 Rd8 15.
Qb4 Be6 16. Rad1 Nc8 17. Qa3 a5 18. Qc1 Nd7 19. Be3 c5 20. c4 b4 21. f4 exf4
22. Nxf4 Ne5 23. Nd5 Bxd5 24. exd5 Nd6 25. Bb1 a4 26. Bf4 axb3 27. axb3 Re8 28.
Nh3 Ra8 29. Ng5 Qd7 30. Rde1 1/2-1/2